000 00340nam a2200145Ia 4500
008 230917s9999||||xx |||||||||||||| ||und||
040 _e48529
_aMAIN
041 _aEnglish
082 _a823.7 D555B
100 _aDickens, Charles
245 0 _aBarnaby Rudge
260 _aEngland
_bPenguin Books
_c1973
300 _a765 p.
942 _cBK
999 _c161274
_d161274